BIBLIOTHÈQUE DE LA MAISON DU MEXIQUE

Logo 1 Logo 2

Multinacionales y sistemas de comunicación (notice nᵒ 10809)

détails MARC
000 -Sello discográfico
campo de control de longitud fija 01140nam a2200361 4500
005 - Identificación de versión
campo de control 20251016083358.0
035 ## - Otros números de control del sistema
Número de control del sistema 1582
099 ## - fechas locales
Tipo de ítem Koha LIBRO
100 ## - Datos de procesamiento general
Datos de procesamiento general 20020606d1977 m y1spay5003 ba
200 1# - Título y mención de responsabilidad
Título propio Multinacionales y sistemas de comunicación
Designación general del material texto impreso
Otra información del título Los aparatos ideológicos del imperialismo
Primer mención de responsabilidad Armand Mattelart
Declaración de responsabilidad subsiguiente traducción Tununa Mercado
210 ## - Publicación, distribución, etc.
Lugar de publicación, distribución, etc. México
Nombre del editor, distribuidor, etc. Siglo Veintiuno Editores
Fecha de publicación, distribución, etc. 1977
215 ## - Descripción física
Designación de material específico y extensión del ítem 343 p
Dimensiones 22 cm
300 ## - Notas generales
Texto de la nota Traducción de : Multinationales et systèmes de communication
318 ## - Nota de acción
Acción No se presta a domicilio
345 ## - Nota de información de adquisición
Fuente de adquisición/dirección de la suscripción [OBSOLETO] Donación
410 #1 - Series
Título Sociología y política
606 ## - Término temático usado como materia
Elemento de entrada Comunicación de masas
Subdivisión temática Aspectos sociales
Número Koha 17323
606 ## - Término temático usado como materia
Elemento de entrada Empresas internacionales
Número Koha 6063
676 ## - Clasificación Decimal Dewey
Número R301.24 M435m
700 ## - Nombre personal - Responsabilidad primaria
Elemento de entrada Mattelart
Parte del nombre distinta del elemento de entrada Armand
Fechas 1936-
Número Koha 6064
702 ## - Nombre personal - Responsabilidad secundaria
Elemento de entrada Mercado de Jitrik
Parte del nombre distinta del elemento de entrada Nilda
Fechas 1939-
Adiciones a los nombres que no sean fechas Tununa
Número Koha 3944
801 #0 - Fuente de origen
Agencia cm
900 ## -
-- 1/6558
900 ## -
-- 7100418320\230204
942 ## - ELEMENTOS DE ENTRADA SECUNDARIOS (KOHA)
Tipo de ítem Koha Livre

Pas d'exemplaire disponible.